Rozvoj grafomotoriky v projektech / Jana Doležalová
Record details
- ISBN: 978-80-7367-693-3
- Physical Description: 166 s. : il. ; 23 cm
- Edition: Vyd. 1.
- Publisher: Praha : Portál, 2010
Content descriptions
| Bibliography, etc. Note: | Obsahuje bibliografie |
Search for related items by subject
| Subject: | grafomotorika předškolní výchova vzdělávací projekty graphomotorics preschool education educational projects |
| Genre: | metodické příručky methodological manuals |
Available copies
- 2 of 2 copies available at Common Catalog SPOK.
Holds
- 0 current holds with 2 total copies.
Show Only Available Copies
| Location | Call Number / Copy Notes | Barcode | Shelving Location | Status | Due Date |
|---|---|---|---|---|---|
| Jabok Library | Ped-3.5.1/D | 424480024641 | Odborná literatura | Available | - |
| Jabok Library | Ped-3.5.1/D | 424480036146 | Odborná literatura | Available | - |
Electronic resources
Version of Resource: Obsah
| LDR | 01379nam a2200421 a 4500 | ||
|---|---|---|---|
| 001 | 11123 | ||
| 003 | CZ-PrJAB | ||
| 005 | 20190318113252.0 | ||
| 007 | ta | ||
| 008 | 100708s2010 xr a e f 000 0 cze | ||
| 015 | . | ‡acnb002110013 | |
| 020 | . | ‡a978-80-7367-693-3 ‡q(brož.) | |
| 035 | . | ‡a(CZ PrNK)nkc20102110013 | |
| 035 | . | ‡a(OCoLC)670479468 | |
| 040 | . | ‡aABA001 ‡bcze | |
| 072 | 7. | ‡a373.2/.3 ‡xPředškolní a primární výchova a vzdělávání ‡2Konspekt ‡922 | |
| 080 | . | ‡a159.946.4 ‡2MRF | |
| 080 | . | ‡a373.2 ‡2MRF | |
| 080 | . | ‡a37.014.542 ‡2MRF | |
| 080 | . | ‡a(072) ‡2MRF | |
| 100 | 1 | . | ‡aDoležalová, Jana ‡7xx0009257 ‡4aut |
| 245 | 1 | 0. | ‡aRozvoj grafomotoriky v projektech / ‡cJana Doležalová |
| 250 | . | ‡aVyd. 1. | |
| 260 | . | ‡aPraha : ‡bPortál, ‡c2010 | |
| 300 | . | ‡a166 s. : ‡bil. ; ‡c23 cm | |
| 504 | . | ‡aObsahuje bibliografie | |
| 650 | 0 | 7. | ‡agrafomotorika ‡7ph120600 ‡2czenas |
| 650 | 0 | 7. | ‡apředškolní výchova ‡7ph124887 ‡2czenas |
| 650 | 0 | 7. | ‡avzdělávací projekty ‡7ph242428 ‡2czenas |
| 650 | 0 | 9. | ‡agraphomotorics ‡2eczenas |
| 650 | 0 | 9. | ‡apreschool education ‡2eczenas |
| 650 | 0 | 9. | ‡aeducational projects ‡2eczenas |
| 655 | 7. | ‡ametodické příručky ‡7fd132826 ‡2czenas | |
| 655 | 9. | ‡amethodological manuals ‡2eczenas | |
| 856 | 4 | 1. | ‡yObsah ‡uhttp://toc.nkp.cz/NKC/201009/contents/nkc20102110013_1.pdf |
| 910 | . | ‡aABG312 | |
| 995 | . | ‡aska | |
| 901 | . | ‡a11123 ‡bUnknown ‡c11123 ‡tbiblio | |